Del maltrato a León Felipe en su legado / (Record no. 174945)

MARC details
000 -LEADER
campo de control de longitud fija 00797nam a2200217 4500
001 - NÚMERO DE CONTROL
campo de control 174945
003 - IDENTIFICADOR DE NÚMERO DE CONTROL
campo de control ES-MaACL
005 - FECHA Y HORA DE LA ÚLTIMA TRANSACCIÓN
campo de control 20250629053020.0
008 - DATOS DE LONGITUD FIJA--INFORMACIÓN GENERAL
campo de control de longitud fija 100726s2006 sp o |||| |dspa d
080 ## - NÚMERO DE LA CLASIFICACIÓN DECIMAL UNIVERSAL
Número de la Clasificación Decimal Universal 347.674
100 1# - ENTRADA PRINCIPAL--NOMBRE DE PERSONA
Nombre de persona Finisterre, Alejandro.
9 (RLIN) 50896
245 10 - MENCIÓN DEL TÍTULO
Título Del maltrato a León Felipe en su legado /
Mención de responsabilidad, etc. denuncia pública de Alejandro Campos Ramírez ("Alejandro Finisterre").
260 ## - PUBLICACIÓN, DISTRIBUCIÓN, ETC.
Lugar de publicación, distribución, etc. [Zamora] :
Nombre del editor, distribuidor, etc. [s. n.],
Fecha de publicación, distribución, etc. 2006 (
Fabricante Gráf. Sfera)
300 ## - DESCRIPCIÓN FÍSICA
Extensión 47 p. :
Otras características físicas fot. ;
Dimensiones 24 cm.
505 8# - NOTA DE CONTENIDO CON FORMATO
Nota de contenido con formato Contiene: Artículos publicados en La Opinión-El Correo de Zamora
594 ## - Nota al título y mención de responsabilidad
Nota al título y mención de responsabilidad Documento histórico de la cultura zamorana.
594 ## - Nota al título y mención de responsabilidad
Nota al título y mención de responsabilidad Tít. tomado de la cub.
600 14 - PUNTO DE ACCESO ADICIONAL DE MATERIA--NOMBRE DE PERSONA
Nombre de persona León Felipe,
Fechas asociadas al nombre 1884-1968
9 (RLIN) 71613
852 ## - LOCALIZACIÓN
Ubicación ES-MaACL
Número de control de estantería 2281-F-6
Holdings
Estatus retirado Estado de pérdida Estado de daño No para préstamo Colección Biblioteca de origen Biblioteca actual Ubicación en estantería Fecha de adquisición Fuente de adquisición Total de préstamos Signatura topográfica completa Código de barras Visto por última vez Precio de reemplazo Tipo de ítem Koha
        Colección de folletos Biblioteca del Ateneo de Madrid Biblioteca del Ateneo de Madrid Depósito folletos 26/07/2010     2281-F-6 1183682 23/02/2023 23/02/2023 Folleto